| 000 | 00394nam a2200145Ia 4500 | ||
|---|---|---|---|
| 008 | 230917s9999||||xx |||||||||||||| ||und|| | ||
| 040 |
_e161795 _aMAIN |
||
| 041 | _aEnglish | ||
| 082 | _a327.51 Z61C | ||
| 100 | _aZhu, Zhiqum | ||
| 245 | 0 | _aChina's new diplomacy: Rationale, strategies and significance | |
| 260 |
_aLondon _bAshgate Publishing _c2010 |
||
| 300 | _axiii, 248 p. | ||
| 942 | _cBK | ||
| 999 |
_c150781 _d150781 |
||